| 000 | 01234nam a22003377a 4500 | ||
|---|---|---|---|
| 001 | BR8200364 | ||
| 003 | BR-BrBNA | ||
| 005 | 20230928091227.0 | ||
| 007 | ta | ||
| 008 | 230509b bl.||||| |||| 00| 0 por d | ||
| 040 |
_aBR-BrBNA _bpor _cBiblioteca Nacional de Agricultura |
||
| 041 | _a(Por) | ||
| 072 |
_aF10; F22; F60 _b/G514 |
||
| 090 | _ F10 BR8200364 | ||
| 110 | 1 |
_aSociedade Brasileira de Agrometeorologia, Pelotas, RS _99625 |
|
| 111 | 1 |
_a2. Congresso Brasileiro de Agrometeorologia _cPelotas, RS (Brazil) _d5 Jul 1981 |
|
| 245 | 1 | _a2. Congresso Brasileiro de Agrometeorologia. Resumos ampliados dos trabalhos apresentados nas sessoes tecnicas [Meteorologia; Balanco hidrico; Fisica do solo] | |
| 246 | 1 | _a[2. Brazilian congress of agrometeorology. Amplified summaries of the works presented in the Technical sessions [Meteorology; Hydric balance; Soil physics]] | |
| 260 | 3 |
_aPelotas, RS (Brasil): _c1981. |
|
| 300 | _a269 p. | ||
| 500 | _aSummary only | ||
| 650 | _aMeteorologia | ||
| 650 | _aClimatologia | ||
| 650 | _aEvaporacao | ||
| 650 | _aUmidade | ||
| 650 | _aFisica do solo | ||
| 650 | _aFisiologia vegetal | ||
| 650 | _aBalanco hidrico | ||
| 909 |
_a202309 _bLucia _c55 _dLucia Elande |
||
| 942 | _cBK | ||
| 999 |
_c32938 _d32938 |
||